Responses for Show #8865 - Friday, May 5, 2023

Hannah Wilson game 3.

Contestants

[<< previous game]

Brian Alzua, a biocompatibility scientist from Minneapolis, Minnesota

Ashwin Phadnis, an attorney originally from Hillsdale, New Jersey

Hannah Wilson, a data scientist from Chicago, Illinois (whose 2-day cash winnings total $71,000)

[next game >>]

Jeopardy! Round responses

TAKE ME TO CHURCH
QUICK PLANETS
EVERYTHING'S COMING UP ROSE
SLANG EN ESPAÑOL
IT'S A TV MYSTERY
THE GREAT AMERICAN BAKING SHOW WITH ELLIE KEMPER
(Ellie: I'm Ellie Kemper, cohost of the new Great American Baking Show. We've got the British judges, the brilliant kitchen scientists, and today, clues about some of their creations.)
    $200 11
Moscow

Brian
    $200 1
(Ashwin: What is Mercury?)

Mars

HannahAshwin
    $200 25
(Rose) Kennedy

Ashwin
    $200 6
padre

Hannah
    $200 17
Only Murders in the Building

Brian
    $200 13
(Ashwin: What is tea?)
(Mayim: More specific.)
(Ashwin: Uh, what is high tea?)

low tea (afternoon tea)

HannahAshwin
    $400 10
the Pantheon

Ashwin
    $400 2
Neptune

Ashwin
    $400 26
(Ashwin: Who is McClanahan?)
(Brian: Who is Bea Arthur?)

Betty White

AshwinBrian
Triple Stumper
    $400 7
hungover

Hannah
    $400 18
Veronica Mars

Triple Stumper
    $400 14
crepes

Hannah
    $1,000 9
(Ashwin: What is... Florence?)

Birmingham, Alabama

Ashwin
    $600 3
(Brian: What is Mercury?)
(Hannah: What is Jupiter?)

Venus

HannahAshwinBrian
    $600 27
Gypsy Rose Lee

Triple Stumper
    $600 8
Ay, caramba!

Ashwin
    $600 19
(Ike) Barinholtz

Brian
    $600 22
key lime pie

Ashwin
    $800 16
the Sacré-Cœur

Brian
    $800 4
Jupiter

Ashwin
    $800 29
The Grapes of Wrath

Brian
    $800 12
a strawberry

Brian
    $800 20
Big Little Lies

Ashwin
    $800 23
churros

Brian
    $1000 21
(Ashwin: What is the Church of the Holy Sepulchre?)

the Church of the Nativity

HannahAshwin
    $1000 5
(Mayim: Yes, those are its rings.)

Saturn

Hannah
    $1000 30
the Battle of Bull Run

Ashwin
    $1000 15
dude

Hannah
    $1000 28
(Brian: Who are Benedict Cumberbatch and Jude Law?)

Cumberbatch & Freeman

HannahBrian
    $1000 24
(Mayim: And that series is now streaming on Roku.)

babka

Hannah

Scores at the first commercial break (after clue 15):

Hannah Ashwin Brian
$2,800 $1,400 $400

Scores at the end of the Jeopardy! Round:

Hannah Ashwin Brian
$5,800 $2,600 $2,200

Double Jeopardy! Round responses

NORTHERN LANDS
STOCK SYMBOLS
A MUSICAL BOUQUET
"OH", YES!
DUNCE, DUNCE
REVOLUTION
    $400 28
the Arctic Circle

Hannah
    $400 24
Lululemon

Ashwin
    $400 30
"Sunflower"

Brian
    $400 27
biohazard

Brian
    $400 29
Don Quixote

Hannah
    $400 26
Bloody Sunday

Brian
    $800 4
ivory

Hannah
    $800 16
Clorox

Hannah
    $800 22
Miley Cyrus

Brian
    $800 21
Yokohama

Hannah
    $800 20
Scarlett O'Hara

Brian
    $800 9
Iran

Hannah
    $1200 1
Björk

Brian
    $1200 14
Hostess

Hannah
    $1200 23
"Edelweiss"

Ashwin
    $3,000 5
cohesion

Hannah
    $1200 8
Draco Malfoy

Brian
    $1200 10
Savannah

Hannah
    $1600 2
clubs

Triple Stumper
    $1600 13
Goldman Sachs

Ashwin
    $1600 17
Lily Allen

Triple Stumper
    $1600 6
kohlrabi

Hannah
    $1600 18
American Psycho

Hannah
    $1600 11
Hungary

Triple Stumper
    $2000 3
(Hannah: Who is Byrd?)

Robert Peary

Hannah
Triple Stumper
    $2000 15
Occidental

Ashwin
    $2000 25
(Mayim: Less than a minute.)

"Build Me Up Buttercup"

Ashwin
    $2000 7
the eohippus

Triple Stumper
    $2000 19
Troilus and Cressida

Triple Stumper
    $2,500 12
(Hannah: What is the... Fifth Estate?)

the Third Estate

Hannah

Scores at the end of the Double Jeopardy! Round:

Hannah Ashwin Brian
$13,900 $9,800 $7,400

[wagering suggestions for these scores]

Final Jeopardy! Round responses

TEAM NAMES
(Mayim: [To Ashwin] Some went to the White Sox leaving behind more inexperienced players.)
BrianWhat are the Dodgers?
$7,398
AshwinWhat are the Cubs?
$9,798
HannahWhat is the Chicago Cubs?
$5,701
the (Chicago) Cubs

Final scores:

Hannah Ashwin Brian
$19,601 $19,598 $2
3-day champion: $90,601 2nd place: $2,000 3rd place: $1,000

Game dynamics:

Coryat scores:

Hannah Ashwin Brian
$14,600 $10,800 $7,400
21 R
(including 1 DD),
3 W
(including 1 DD)
14 R,
5 W
(including 1 DD)
14 R,
3 W

Combined Coryat: $32,800

[game clues] [game scores] [suggest correction]

Game tape date: 2023-02-27
The J! Archive is created by fans, for fans. Scraping, republication, monetization, and malicious use prohibited; this site may use cookies and collect identifying information. See terms. The Jeopardy! game show and all elements thereof, including but not limited to copyright and trademark thereto, are the property of Jeopardy Productions, Inc. and are protected under law. This website is not affiliated with, sponsored by, or operated by Jeopardy Productions, Inc. Join the discussion at JBoard.tv.